| 000 | 00782nas a2200265 a 4500 | ||
|---|---|---|---|
| 001 | 43969 | ||
| 003 | BD-RjUL | ||
| 005 | 20211209053758.0 | ||
| 008 | 300620c19661954gauar bf 0 a0eng d | ||
| 035 | _a(OCoLC)ocn123539233 | ||
| 035 | _a(OCoLC)123539233 | ||
| 035 | _a(BD-RjUL)44087 | ||
| 040 |
_aBKL _cBKL _dBD-RjUL _beng |
||
| 041 | _aeng | ||
| 082 |
_223 _a339.4 _bCON 1966 |
||
| 090 |
_aHF5415.32 _b.C6583 |
||
| 245 | 0 | 0 |
_aConsumer behavior : _bThe dynamics of consumer reaction / _cEditted by Lincoln h. clark |
| 260 |
_aNew York : _bNew York University press ; _cc1954 [Reprint 1966] |
||
| 300 |
_av. ; _c28 cm. |
||
| 505 | _aV.1-- | ||
| 650 | 0 |
_aConsumers _9116558 |
|
| 650 | 0 |
_zConsommateurs _9125995 |
|
| 700 | 1 |
_aClark, Lincoln H., Eddited _9135062 |
|
| 942 |
_2ddc _cBK |
||
| 999 |
_c43969 _d43969 |
||